Giáo trình dẫn luận ngôn ngữ học

Na minha lista:
Detalhes bibliográficos
Formato: Livro
Publicado em: 2007
Tags: Adicionar Tag
Sem tags, seja o primeiro a adicionar uma tag!
Thư viện lưu trữ: Mạng thư viện Đại học Đà Nẵng
LEADER 00473nam a22001811a 4500
001 000039353
003 15648
005 20160412021951.0
008 160412s2007 000
082 |a 4V(TK)1337-38 
245 |a Giáo trình dẫn luận ngôn ngữ học  |c Bùi Mạnh Hùng, Hoàng Dũng 
260 |c 2007 
OWN |a LNN 
999 |a From the UDN01 
TYP |a Monograph 
980 |a Mạng thư viện Đại học Đà Nẵng